Statistics for NBA Players from VCU

Click here to take the quiz!

General Stats

  • This quiz has been taken 4 times
    (3 since last reset)
  • The average score is 5 of 13

Answer Stats

PositionPlayerDraft Year% Correct
GNah'Shon Hyland2021
100%
GFVince Williams Jr.2022
100%
GEric Maynor2009
67%
PFLarry Sanders2010
67%
GBrianté Weber2015
33%
GGerald Henderson1978
33%
CMarc Jackson1997
33%
GFTreveon Graham2015
33%
GTroy Daniels2013
33%
PFBernie Harris1974
0%
PGEd Sherod1981
0%
SGJesse Dark1974
0%
FTerry Davis1989
0%

Score Distribution

Percentile by Number Answered

Percent of People with Each Score

Your Score History

You have not taken this quiz since the last reset